| 000 | 00666nam a2200181 i 4500 | ||
|---|---|---|---|
| 001 | 144887 | ||
| 003 | ES-MaACL | ||
| 005 | 20230906201123.0 | ||
| 007 | t| | ||
| 008 | 070214s1983 sp r ||||1| spa d | ||
| 100 | 1 |
_aSmith, Anthony ( _d1938-) _9106849 |
|
| 245 | 1 | 0 |
_aGoodbye Gutenberg _b: la revolución del periodismo electrónico / _cA. Smith ; [versión de Homero Alsina Thevenet]. |
| 260 |
_aBarcelona [etc.] : _bGustavo Gili, _c1983 ( _fDiamante) |
||
| 300 |
_a433 p. : _bil. ; _c20 cm. |
||
| 650 | 4 |
_aMedios de comunicación social- _xInnovaciones tecnológicas. _9152871 |
|
| 700 | 1 |
_aAlsina Thevenet, Homero. _920495 |
|
| 852 |
_aES-MaACL _jL-8047 _bR.108059 |
||
| 999 |
_c144887 _d144887 |
||